Inhibition and destruction of the microbial cell (Record no. 22477)

MARC details
000 -LEADER
fixed length control field 00552nam a2200217Ia 4500
082 ## - DEWEY DECIMAL CLASSIFICATION NUMBER
Classification number 579.222
Item number HUG
245 #0 - TITLE STATEMENT
Title Inhibition and destruction of the microbial cell
260 ## - PUBLICATION, DISTRIBUTION, ETC. (IMPRINT)
Place of publication London
Name of publisher Academic
Year of publication 1971
650 ## - SUBJECT ADDED ENTRY--TOPICAL TERM
Topical Term Antibacterial compound
650 ## - SUBJECT ADDED ENTRY--TOPICAL TERM
Topical Term Bacterial cell
650 ## - SUBJECT ADDED ENTRY--TOPICAL TERM
Topical Term Microbiology
650 ## - SUBJECT ADDED ENTRY--TOPICAL TERM
Topical Term Microorganisms
650 ## - SUBJECT ADDED ENTRY--TOPICAL TERM
Topical Term Mould
650 ## - SUBJECT ADDED ENTRY--TOPICAL TERM
Topical Term Mycobacteria
650 ## - SUBJECT ADDED ENTRY--TOPICAL TERM
Topical Term Toxic gas
650 ## - SUBJECT ADDED ENTRY--TOPICAL TERM
Topical Term Viruses inactivation
650 ## - SUBJECT ADDED ENTRY--TOPICAL TERM
Topical Term Yeast
700 ## - ADDED ENTRY--PERSONAL NAME
Personal name Hugo, W B
942 ## - ADDED ENTRY ELEMENTS (KOHA)
Koha item type Books
Holdings
Withdrawn status Lost status Damaged status Not for loan Home library Current library Date acquired Full call number Accession Number Koha item type
        RRII Library RRII Library 16/12/2021 579.222 HUG 03197 Books